ბათუმის შოთა რუსთაველის სახელმწიფო უნივერსიტეტის ბიბლიოთეკა

Lexikologie: (ბიბ.ჩანაწერი № 54747)

000 -LEADER
fixed length control field 00718nam a2200241Ia 4500
001 - CONTROL NUMBER
control field 21814
003 - CONTROL NUMBER IDENTIFIER
control field GE_BSU
005 - DATE AND TIME OF LATEST TRANSACTION
control field 20260130151803.0
008 - FIXED-LENGTH DATA ELEMENTS--GENERAL INFORMATION
fixed length control field 181216s1995||||gw |||||||||||||| ||ger||
020 ## - INTERNATIONAL STANDARD BOOK NUMBER
International Standard Book Number 3860572709
040 ## - CATALOGING SOURCE
Transcribing agency GE_BSU
041 ## - LANGUAGE CODE
Language code of text/sound track or separate title ger
080 ## - UNIVERSAL DECIMAL CLASSIFICATION NUMBER
Universal Decimal Classification number 811.112 L-97
100 ## - MAIN ENTRY--PERSONAL NAME
Personal name Lutzeier, Peter R.
9 (RLIN) 26771
245 ## - TITLE STATEMENT
Title Lexikologie:
Remainder of title Ein Arbeitsbuch /
Statement of responsibility, etc. Peter R. Lutzeier
264 ## - PRODUCTION, PUBLICATION, DISTRIBUTION, MANUFACTURE, AND COPYRIGHT NOTICE
Place of production, publication, distribution, manufacture Tubingen :
Name of producer, publisher, distributor, manufacturer Stauffenburg Verlag,
Date of production, publication, distribution, manufacture, or copyright notice 1995.
300 ## - PHYSICAL DESCRIPTION
Extent 167 p.
Other physical details 24 cm.
653 ## - INDEX TERM--UNCONTROLLED
keyword Lexikologie
653 ## - INDEX TERM--UNCONTROLLED
keyword Ein Arbeitsbuch
653 ## - INDEX TERM--UNCONTROLLED
keyword გერმანული ენა
653 ## - INDEX TERM--UNCONTROLLED
keyword შესავალი გერმანიკულ ფილოლოგიაში
942 ## - ADDED ENTRY ELEMENTS (KOHA)
Koha item type წიგნი
Source of classification or shelving scheme
ეგზემპლარები
Withdrawn status Lost status Source of classification or shelving scheme Damaged status Not for loan Permanent Location Current Location Shelving location Date acquired Cost, normal purchase price Full call number Barcode Date last seen Copy number Price effective from Koha item type Public note Uniform Resource Identifier
          ბათუმის შოთა რუსთაველის სახელმწიფო უნივერსიტეტის მთავარი ბიბლიოთეკა ბათუმის შოთა რუსთაველის სახელმწიფო უნივერსიტეტის მთავარი ბიბლიოთეკა წიგნსაცავი 2018-12-17 12.00 811.112 L-97 1466 2018-12-17 1466 2018-12-17 წიგნი 12.00  
          ბათუმის შოთა რუსთაველის სახელმწიფო უნივერსიტეტის მთავარი ბიბლიოთეკა ბათუმის შოთა რუსთაველის სახელმწიფო უნივერსიტეტის მთავარი ბიბლიოთეკა წიგნსაცავი 2026-01-30 84.00 811.112 L-97 73637 2026-01-30 73637 2026-01-30 წიგნი 84.00 ტენდერი N404952306
          ბათუმის შოთა რუსთაველის სახელმწიფო უნივერსიტეტის მთავარი ბიბლიოთეკა ბათუმის შოთა რუსთაველის სახელმწიფო უნივერსიტეტის მთავარი ბიბლიოთეკა წიგნსაცავი 2026-01-30 84.00 811.112 L-97 73636 2026-01-30 73636 2026-01-30 წიგნი 84.00 ტენდერი N404952306